Statistiques concernant Les communes de la CC Pays de Lumbres (CCPL)

Cliquez ici pour prendre le quiz!

Statistiques générales

  • Ce quiz a été pris 4 fois
  • Le résultat moyen est 5 sur 36

Statistiques - réponses

Communes% Correct
Lumbres
100%
Esquerdes
67%
Setques
67%
Acquin-Westbécourt
33%
Alquines
33%
Bléquin
33%
Nielles-lès-Bléquin
33%
Wavrans-sur-l'Aa
33%
Wisques
33%
Zudausques
33%
Affringues
0%
Audrehem
0%
Bayenghem-lès-Seninghem
0%
Boisdinghem
0%
Bonningues-lès-ardres
0%
Bouvelinghem
0%
Clerques
0%
Cléty
0%
Coulomby
0%
Dohem
0%
Elnes
0%
Escoeuilles
0%
Haut-Loquin
0%
Journy
0%
Ledinghem
0%
Leulinghem
0%
Ouve-Wirquin
0%
Pihem
0%
Quelmes
0%
Quercamps
0%
Rebergues
0%
Remilly-Wirquin
0%
Seninghem
0%
Surques
0%
Vaudringhem
0%
Wismes
0%

Distribution des résultats

Percentile par nombre de réponses

% des personnes avec chaque résultat

Votre développement - résultats

Vous n’avez pas pris ce quiz